Nalnudi: (Record no. 229389)
[ view plain ]
| 000 -LEADER | |
|---|---|
| fixed length control field | 00883nam a22002177a 4500 |
| 005 - DATE AND TIME OF LATEST TRANSACTION | |
| control field | 20240103150216.0 |
| 008 - FIXED-LENGTH DATA ELEMENTS--GENERAL INFORMATION | |
| fixed length control field | 231205b ||||| |||| 00| 0 eng d |
| 040 ## - CATALOGING SOURCE | |
| Transcribing agency | AL |
| 041 ## - LANGUAGE CODE | |
| Language code of text/sound track or separate title | kan |
| 082 ## - DEWEY DECIMAL CLASSIFICATION NUMBER | |
| Edition number | 23 |
| Classification number | K894.5 |
| Item number | CHIN |
| 100 ## - MAIN ENTRY--PERSONAL NAME | |
| Personal name | Chinnappa Gowda K : ಚಿನ್ನಪ್ಪ ಗೌಡ ಕೆ Ed |
| 100 ## - MAIN ENTRY--PERSONAL NAME | |
| 9 (RLIN) | 147180 |
| 245 ## - TITLE STATEMENT | |
| Title | Nalnudi: |
| Remainder of title | ನಲ್ನುಡಿ |
| 260 ## - PUBLICATION, DISTRIBUTION, ETC. | |
| Place of publication, distribution, etc. | Mangaluru |
| Name of publisher, distributor, etc. | Mangalore University |
| Date of publication, distribution, etc. | 2007 |
| 300 ## - PHYSICAL DESCRIPTION | |
| Extent | viii,120p. |
| Other physical details | PB |
| Dimensions | 21x13cm. |
| 365 ## - TRADE PRICE | |
| Source of price type code | Kannada |
| Price amount | 35.00 |
| Currency code | ₹ |
| Unit of pricing | 35.00 |
| 440 ## - SERIES STATEMENT/ADDED ENTRY--TITLE | |
| Title | Mangala Patyapustaka Malike: ಮಂಗಳ ಪಠ್ಯಪುಸ್ತಕ ಮಾಲಿಕೆ: 20 |
| 9 (RLIN) | 144423 |
| 650 ## - SUBJECT ADDED ENTRY--TOPICAL TERM | |
| Topical term or geographic name entry element | Kannada Essays: ಕನ್ನಡ ಪ್ರಬಂಧ |
| 9 (RLIN) | 144424 |
| 650 ## - SUBJECT ADDED ENTRY--TOPICAL TERM | |
| Topical term or geographic name entry element | Kannada Literature: ಕನ್ನಡ ಸಾಹಿತ್ಯ |
| 9 (RLIN) | 144425 |
| 700 ## - ADDED ENTRY--PERSONAL NAME | |
| Personal name | GOWDA (Chinnappa K): ಗೌಡ (ಚಿನ್ನಪ್ಪ ಕೆ) Ed |
| 9 (RLIN) | 144426 |
| 942 ## - ADDED ENTRY ELEMENTS (KOHA) | |
| Source of classification or shelving scheme | Dewey Decimal Classification |
| Koha item type | Donated Books |
| Withdrawn status | Lost status | Source of classification or shelving scheme | Damaged status | Not for loan | Collection code | Home library | Current library | Date acquired | Source of acquisition | Cost, normal purchase price | Total Checkouts | Full call number | Barcode | Date last seen | Cost, replacement price | Price effective from | Koha item type | Public note |
|---|---|---|---|---|---|---|---|---|---|---|---|---|---|---|---|---|---|---|
| Dewey Decimal Classification | Kannada | St Aloysius Library | St Aloysius Library | 11/28/2023 | Prasaranga Mangalore University | 35.00 | K894.5 CHIN | D06128 | 12/05/2023 | 35.00 | 12/05/2023 | Donated Books | Donated by Mangalore University |